000 00780nam a22002651 4500
001 16024
003 BD-RjUL
005 20211208235933.0
008 140211s1956 nyua 001 0 eng
035 _a(BD-RjUL)16079
040 _aDLC
_cDLC
_dDLC
_beng
041 _aeng
082 0 0 _a658.87
_bBAP 1956
100 1 _aBarker, Clare Wright.
_949620
245 1 0 _aPrinciples of retailing /
_c[by] Clare Wright Barker, Ira Dennis Anderson [and] J. Donald Butterworth.
250 _a3d ed.
260 _aNew York :
_bMcGraw-Hill,
_c1956.
300 _a633 p. :
_billus. ;
_c24 cm.
504 _aINCLUDES INDEX
650 0 _aRetail trade
_zUnited States.
_948145
650 0 _aDepartment stores.
_949621
942 _2ddc
_cBK
999 _c16024
_d16024